Meilleurs buteurs de l'histoire du football - Statistiques

Statistiques générales
  • Ce quiz a été pris 1 487 fois
  • Le résultat moyen est 5 sur 10
Statistiques - réponses
Club Buts Joueur % Correct
Real Madrid 724 Cristiano Ronaldo
99%
FC Barelone 715 Lionel Messi
99%
Santos 767 Pelé
93%
Bayern Munich 735 Gerd Müller
85%
Benfica 622 Eusébio
66%
Budapest Honvéd 746 Ferenc Puskas
56%
Vasco da Gama 772 Romario
23%
Slavia Prague 805 Josef Bican
19%
Hambourg SV 575 Uwe Seeler
3%
Szentlőrinci AC 576 Ferenc Deàk
1%
Aucun quiz correspondant
Distribution des résultats
% des personnes avec chaque résultat
Percentile par nombre de réponses
Votre historique - résultats
Vous n’avez pas pris ce quiz